| 000 | 00692nam a2200205Ia 4500 | ||
|---|---|---|---|
| 005 | 20250508153425.0 | ||
| 008 | 008 250505s9999 xx 000 0 eng d | ||
| 037 | _aBooks to be hide in OPAC | ||
| 040 |
_aFEDL _beng _cFEDL |
||
| 041 |
_aeng _2eng |
||
| 084 |
_a370.947, UNI/O _qFEDL |
||
| 100 |
_aApanasewicz Nellie _9763813 |
||
| 245 | 0 | _aSoviet education: A bibliography of english-language materials | |
| 245 | 0 | _cUnited State Department of Health, Education and Welfare | |
| 260 |
_aWashington, USA _bU.S. Government Printing Office _c1964 |
||
| 300 | _avi,42p. | ||
| 700 |
_a Rosen Seymour M _9763967 |
||
| 942 |
_cHB _h370.947, UNI/O |
||
| 999 |
_c1342769 _d1342769 |
||